| 000 | 00609nam a2200229 a 4500 | ||
|---|---|---|---|
| 999 |
_c8343 _d8343 |
||
| 001 | 8343 | ||
| 003 | BD-JhCC | ||
| 005 | 20220519134021.0 | ||
| 008 | 180222s1964 bg a|||| || | 000 0 eng d | ||
| 035 | _a(BD-JhCC)8343 | ||
| 040 |
_aBD-JhCC _dBD-JhCC |
||
| 041 | _aeng | ||
| 082 |
_a547 _bAHM 1964 |
||
| 100 | _aAhmed, Mofizuddin | ||
| 245 |
_aOrganic Chemistry / _cMofizuddin Ahmed and Kazi Abdul Latif |
||
| 260 |
_aDacca : _bMrs S. Ahmed and Mrs R. Latif, _c1964 |
||
| 300 |
_a180 p. : _c18 cm. |
||
| 650 | _aOrganic Chemistry | ||
| 700 | _aLatif, Kazi Abdul | ||
| 942 |
_2ddc _cBK _02 |
||